000 00825nam a22002417a 4500
999 _c15759
_d15759
005 20220117143119.0
008 200114b ||||| |||| 00| 0 eng d
041 _aeng
043 _aa-ph---
050 1 4 _aLB2822.5
_b.Sa59 2015
100 _aSantos, Bing DJ.
245 _aDepartment heads instructional leadership in the division of Rizal
260 _c2015
300 _a116 leaves :
_billustrations ;
_c28 cm
336 _2rda content
_atext
337 _2rda media
_aunmediated
338 _2rda carrier
_avolume
502 _aThesis
_bMaster of Arts in Education major in Educational Management
_cUniversity of Rizal System-Morong.
_d2015
650 0 _aSchool superintendent and principal.
650 0 _aDepartment leads--Division of Rizal.
700 _aLaroza, Rowena DR.
_edegree supervisor
942 _2lcc
_cT